Tiempos Del Cólera P30-40 - Estadísticas

Estadísticas generales
  • Esta prueba ha sido intentada 5 veces
  • La puntuación promedio es 57 de 139
Estadísticas de respuestas
Term Respuesta % Correcto
Abolición Abolition
100%
Apelar Appeal
100%
Aritmético Arithmetic
100%
Caldo Broth
100%
Carnicero Butcher
100%
Certidumbre Certainty
100%
Tiza Chalk
100%
Comandante Commander
100%
Comercio Commerce
100%
Compositor Composer
100%
Fauno Faun
100%
Emborrachar Get Drunk
100%
Bocina Horn
100%
Lujuria Lust
100%
Doncella Maiden
100%
Pagano Pagan
100%
Pedagógico Pedagogic
100%
Pubertad Puberty
100%
Mecedor Rocking
100%
Desbaratar Ruin
100%
Buque Ship
100%
Esquadra Squad
100%
Florero Vase
100%
Mimbre Wicker
100%
Abadía Abbey
50%
Desplante Affront
50%
Alabastro Alabaster
50%
Ceniciento Ashen
50%
Bucanero Buccaneer
50%
Gabinete Cabinet
50%
Candor Candidness
50%
Carguero Cargo
50%
Ajedrezado Chequered
50%
Racimo Cluster
50%
Complaciente Complacent
50%
Corromper Corrupt
50%
Aquelarre Coven
50%
Codicia Covetousness
50%
Dálmata Dalmatian
50%
Venado Deer
50%
Delicia Delight
50%
Servidumbre Domestic Staff
50%
Bravo Fierce
50%
Trifulca Fight
50%
Flota Fleet
50%
Cimiento Foundation
50%
Dañino Harmful
50%
Estropicio Havoc
50%
Heraldo Herald
50%
Incienso Incense
50%
Antaño In Days Gone By
50%
Empecinarse Insist On
50%
Andadura Journey
50%
Cal Lime
50%
Magistral Masterly
50%
Zancudo Mosquito
50%
Nauseabundo Nauseating
50%
Estorbo | Trasto Nuisance
50%
Presagio Omen
50%
Palaciego Palace
50%
Persa Persian
50%
Faraónico Pharaonic
50%
Fonógrafo Phonograph
50%
Desplumar Pluck
50%
Fomentar Promote
50%
Próspero Prosperous
50%
Cachorro Puppy
50%
Arrasador Razing
50%
Yacente Reclining
50%
Reponerse Recover
50%
Repudiar Repudiate
50%
Fandango Rowdy Party
50%
Oxidar Rust
50%
Anaquel Shelf
50%
Mortaja Shroud
50%
Contrabandista Smuggler
50%
Estatuilla Statuette
50%
Ingrato Thankless
50%
Sopor Torpor
50%
Reguero Trail
50%
Amaestrar Train
50%
Desentechar Unroof
50%
Virrey Viceroy
50%
Vid Vine
50%
Nogal Walnut
50%
Caudal Wealth
50%
Alambre Wire
50%
Paño Wool
50%
Callejuela Alleyway
0%
Ramazón Antler
0%
Pórtico Arcade
0%
Suscitar Arouse
0%
Bananero Banana Tree
0%
Empastar Bind
0%
Becerro Calf
0%
Moridero Death Trap
0%
Calificación Description
0%
Llovizna Drizzle
0%
Poltrona Easy Chair
0%
Infundio False Rumour
0%
Alcázar Fortress
0%
Levita Frock Coat
0%
Ortofónica Gramophone
0%
Garza Heron
0%
Irremediable Hopeless
0%
Idólatra Idol Worshipper
0%
Inculcar Instil
0%
Fuero Jurisdiction
0%
Desembarco Landing
0%
Letrina Latrine
0%
Desguarnecer Leave Unprotected
0%
Libertino Licentious
0%
Mica Long Tailed Monkey
0%
Idilio Love Affair
0%
Descolgar Lower
0%
Guacamaya Macaw
0%
Rancho Mess
0%
Caramillo Panpipes
0%
Pontificio Papal
0%
Canto Pebble
0%
Intérprete Performer
0%
Confabular Plot
0%
Pobrerío Poor
0%
Capitonear Quilt
0%
Afincado Resident
0%
Muladar Rubbish Tip
0%
Velero Sailboat
0%
Zarpar Set Sail
0%
Mantilla Shawl
0%
Insomne Sleepless
0%
Ventorrilo Small Shop
0%
Estancado Stagnant
0%
Alambique Still
0%
Historiar Tell The Story Of
0%
Alisio Trade Wind
0%
Alcaraván Wading Bird
0%
Vaharada Waft
0%
Mantón Wrap
0%
No se encontraron pruebas coincidentes
Distribución de puntuación
Porcentaje de gente con cada puntuación
Porcentaje por número respondido
Historial de tus puntuaciones
No has intentado esta prueba.